| 000 | 00355nam a22001457a 4500 | ||
|---|---|---|---|
| 005 | 20221205010948.0 | ||
| 008 | 221205b |||||||| |||| 00| 0 eng d | ||
| 040 | _cDDC | ||
| 100 | _qSpradlin, Michael | ||
| 245 | _aThe Youngest Templar Book II | ||
| 264 |
_bUSA _c2008 |
||
| 300 | _a248, pages | ||
| 650 | _zFiction : Youngest Templar | ||
| 942 |
_2ddc _cBK |
||
| 999 |
_c1397 _d1397 |
||